| 000 | 00601nam a2200205 u 4500 | ||
|---|---|---|---|
| 005 | 20220528063518.0 | ||
| 008 | 100811s2007 r 000 0 eng d | ||
| 020 | _a9788466763042 | ||
| 035 | _aUPN01000177295 | ||
| 049 | _aCG | ||
| 050 | 4 |
_aPZ77 _bG3.3 |
|
| 100 | 1 |
_aGarcía Barba, Ignasi, _d1975- |
|
| 245 | 1 | 3 |
_aEl chip experimental / _cIgnasi García Barba ; il. Ximena Maier. |
| 260 |
_aMadrid : _bAnaya, _c2007. |
||
| 300 |
_a118 p. : _bil. |
||
| 440 | 0 |
_aSopa de libros. _pTeatro ; _v12 |
|
| 650 | 4 |
_aTEATRO JUVENIL _910343 |
|
| 650 | 0 |
_aLiteratura juvenil española _912359 |
|
| 905 | _aLibro | ||
| 999 |
_c149398 _d149398 |
||